000 00420nam a22001337a 4500
008 160412b xxu||||| |||| 00| 0 eng d
050 _aPN2061.R544
100 _aRideout, Nigel
_923705
245 _aFirst steps towards an acting career
_cNigel Rideout with an introduction by Dame Judi Dench
260 _aLondon
_bPenguin Books
_c1991
300 _a149p. ;
_c20cm.
650 _aActing
_923241
942 _2lcc
_cMONOGRAPH
999 _c124580
_d124580